|
|
|
|
| LEADER |
00000nta a2200000 i 4500 |
| 001 |
dolg10003 |
| 005 |
20221011142710.0 |
| 008 |
170426suuuu hu om 000 hun d |
| 040 |
|
|
|a BGE Dolgozattár Repozitórium
|b hun
|
| 041 |
|
|
|a hu
|
| 100 |
1 |
|
|a Csordás Brigitta
|
| 245 |
1 |
0 |
|a Fürdőlátogatás preferenciái a Paskál Gyógy- és Strandfürdővel kapcsolatban
|c Csordás Brigitta
|h [elektronikus dokumentum]
|
| 695 |
|
|
|a Budapest Gyógyfürdői és Hévizei Zrt.
|
| 695 |
|
|
|a Paskál Fürdő
|
| 700 |
1 |
|
|a Kopcsay Dr. László
|e ths
|
| 856 |
4 |
0 |
|u http://dolgozattar.uni-bge.hu/10003/1/F%C3%9CRD%C5%90L%C3%81TOGAT%C3%81S%20PREFERENCI%C3%81I%20A%20PASK%C3%81L%20GY%C3%93GY-%C3%89S%20STRANDF%C3%9CRD%C5%90VEL%20KAPCSOLATBAN.pdf
|z Dokumentum-elérés
|